000 00739cam a22002291 4500
001 ca 12000675
003 DLC
005 20260227111058.0
008 940616s1911 paua 000 0 eng
010 _aca 12000675
035 _a(OCoLC)30618024
040 _aDLC
_cCU
_dCU
_dOCoLC
_dDLC
042 _apremarc
050 0 0 _aQD545
_b.C3
100 1 _aCann, Jessie Yereance,
_d1883-
245 0 4 _aThe relationship existing between the weight of a falling drop and the diameter of the tip from which it falls ...
260 _aEaston, Pa.,
_bEschenbach Printing Company,
_c1911.
300 _a24 p., 1 l. incl. tables.
_c24 cm.
502 _aThesis (Ph. D.)--Columbia University.
500 _aBiography.
650 0 _aMolecular weights.
999 _c14655
_d14655